Traumatología en Roentgenogramas / (Record no. 59008)

MARC details
000 -LEADER
campo de control de longitud fija 00677nam a2200181 i 4500
001 - NÚMERO DE CONTROL
campo de control 59008
003 - IDENTIFICADOR DE NÚMERO DE CONTROL
campo de control ES-MaACL
005 - FECHA Y HORA DE LA ÚLTIMA TRANSACCIÓN
campo de control 20230906163936.0
007 - CAMPO FIJO DE DESCRIPCIÓN FÍSICA--INFORMACIÓN GENERAL
campo de control de longitud fija t|
008 - DATOS DE LONGITUD FIJA--INFORMACIÓN GENERAL
campo de control de longitud fija 031027s1956 sp ||||1| spa d
100 1# - ENTRADA PRINCIPAL--NOMBRE DE PERSONA
Nombre de persona Ehalt, Walter.
9 (RLIN) 46776
245 10 - MENCIÓN DEL TÍTULO
Título Traumatología en Roentgenogramas /
Mención de responsabilidad, etc. por Walther Ehalt ; con un prólogo de Lorenz Böhler ; traducción de la segunda edición alemana por Francisco Jimeno Vidal.
260 ## - PUBLICACIÓN, DISTRIBUCIÓN, ETC.
Lugar de publicación, distribución, etc. Barcelona :
Nombre del editor, distribuidor, etc. Labor,
Fecha de publicación, distribución, etc. 1956 (
Fabricante Talls. Gráf. Ibero-Americanos)
300 ## - DESCRIPCIÓN FÍSICA
Extensión XIX, 646 p., 10 lám. :
Otras características físicas il. ;
Dimensiones 25 cm.
700 1# - ENTRADA AGREGADA--NOMBRE PERSONAL
Nombre de persona Boehler, Lorenz.
9 (RLIN) 29730
700 1# - ENTRADA AGREGADA--NOMBRE PERSONAL
Nombre de persona Jimeno Vidal, Francisco.
9 (RLIN) 66661
852 ## - LOCALIZACIÓN
Ubicación ES-MaACL
Número de control de estantería C-9857
Sublocalización o colección R.38511
Holdings
Estatus retirado Estado de pérdida Estado de daño No para préstamo Biblioteca de origen Biblioteca actual Ubicación en estantería Fecha de adquisición Fuente de adquisición Total de préstamos Signatura topográfica completa Código de barras Visto por última vez Precio de reemplazo Tipo de ítem Koha
        Biblioteca del Ateneo de Madrid Biblioteca del Ateneo de Madrid Sala Palomar 17/01/2008     C-9857 1061899 23/02/2023 23/02/2023 Libro impreso